The city of Bangalore municipal corporation building bye laws of 1983 (Record no. 10848)
[ view plain ]
| 000 -LEADER | |
|---|---|
| fixed length control field | 00323nam a2200109 4500 |
| 003 - CONTROL NUMBER IDENTIFIER | |
| control field | OSt |
| 005 - DATE AND TIME OF LATEST TRANSACTION | |
| control field | 20221017154738.0 |
| 008 - FIXED-LENGTH DATA ELEMENTS--GENERAL INFORMATION | |
| fixed length control field | 221017b ||||| |||| 00| 0 eng d |
| 245 ## - TITLE STATEMENT | |
| Title | The city of Bangalore municipal corporation building bye laws of 1983 |
| 260 ## - PUBLICATION, DISTRIBUTION, ETC. (IMPRINT) | |
| Place of publication, distribution, etc | Bangalore |
| Name of publisher, distributor, etc | Karnataka law journal publications |
| 942 ## - ADDED ENTRY ELEMENTS (KOHA) | |
| Source of classification or shelving scheme | |
| Withdrawn status | Lost status | Source of classification or shelving scheme | Damaged status | Not for loan | Permanent location | Current location | Date acquired | Total Checkouts | Barcode | Date last seen | Date last borrowed | Price effective from | Non-public note | Koha item type | Public note |
|---|---|---|---|---|---|---|---|---|---|---|---|---|---|---|---|
| BMS College of Architecture, Design and Planning | BMS College of Architecture, Design and Planning | 2022-10-17 | 1 | AR-DB524 | 2025-02-11 | 2025-02-11 | 2022-10-17 | Donated by Ar. K.V. Harsha Babu, Harsha Design Associates | Donated Book | Donated by Ar. K.V. Harsha Babu, Harsha Design Associates |